Etiqueta de registo: 00254nam 2200025 450
001 2139505
003 http://id.bnportugal.gov.pt/bib/catbnp/2139505
010 ## $a978-989-9160-02-6
021 ## $aPT$b516793/23
100 ## $a20230801d2023 m y0pory01030103ba
101 0# $apor
102 ## $aPT
105 ## $ay z 000yy
106 ## $ar
200 1# $aRegime jurídico aplicável à intervenção do Estado em PPP$eDecreto-Lei nº 111-2012, de 23 de maio$eanotado$fJoão Canto e Castro
210 #9 $aCoimbra$cEditora d'Ideias,$d2023
215 ## $a220, [1] p.$d23 cm
225 2# $aLei em comentário
675 ## $a346.22(469)$vBN$zpor$31395187
675 ## $a351.71(469)$vBN$zpor$3297212
702 #1 $aCastro,$bJoão Canto e$4020$31844353
710 01 $aPortugal.$376824
801 #0 $aPT$bBN$gRPC
856 41 $uhttp://rnod.bnportugal.gov.pt/ImagesBN/winlibimg.aspx?skey=&doc=2139505&img=182312&save=true
900 ## $aBIBNAC$d20230814
966 ## $lBN$mFGMON$sS.C. 162328 V.$x1
966 ## $lBN$mFGMON$sS.C. 162328 V.-D$x1
971 ## $cdpenetra$d20230801
972 ## $e0$z0$d20230814$viquintas
973 ## $cmcarvalho$d20230802
Etiqueta de registo: 00000nam 2200025 450
001 2098633
003 http://id.bnportugal.gov.pt/bib/catbnp/2098633
010 ## $a978-972-685-320-6
021 ## $aPT$b498243/22
100 ## $a20220429d2022 k y0pory01030103ba
101 0# $apor
102 ## $aPT
105 ## $ay z 000yy
106 ## $ar
200 1# $aNovos estudos sobre o regime jurídico das PPP e sua regulação no código dos contratos
públicos$fJoão Canto e Castro
210 #9 $a[S.l.]$cPetrony,$dcop. 2022
215 ## $a146 p.$d23 cm
225 2# $aNovos estudos$v9
675 ## $a346.22(469)$vBN$zpor$31395187
675 ## $a351.71(469)$vBN$zpor$3297212
675 ## $a336.59(469)$vBN$zpor$31649877
700 #1 $aCastro,$bJoão Canto e$31844353
801 #0 $aPT$bBN$gRPC
856 41 $uhttp://rnod.bnportugal.gov.pt/ImagesBN/winlibimg.aspx?skey=&doc=2098633&img=164364&save=true
900 ## $aBIBNAC$d20220518
966 ## $lBN$mFGMON$sS.C. 158250 V.$x1
966 ## $lBN$mFGMON$sS.C. 158250 V.-D$x1
971 ## $cssilva$d20220429
972 ## $e0$z0$d20220518$viquintas
973 ## $cmcarvalho$d20220509